Statistics for All New SSBU Characters By Their Splash Art

Click here to take the quiz!

General Stats

  • This quiz has been taken 64 times
    (55 since last reset)
  • The average score is 17 of 24

Answer Stats

HintAnswer% Correct
----- Steals the Show!Joker
83%
------ GETS READY FOR THE NEXT BATTLEKazuya
83%
------- Arms Herself!Min-Min
83%
---- Is Finally Here!Sora
83%
------- ----- Pipes Up!Piranha Plant
78%
----- Rocks the Block!Steve
78%
----- Faces the Fury!Terry
78%
The ---- Draws Near!Hero
76%
---------- Enters the Ring!Incineroar
76%
---- Blazes into Battle!Pyra
76%
------------- are Raring to Go!Banjo & Kazooie
73%
------ Joins Smash House!
------ Recruits... ------!
Byleth
73%
---- ----- Joins the Battle!!!
----- Joins the Battle!!!
------- Joins the Battle!!!
----- Joins the Battle!!!
Dark Samus | Chrom | Inkling | Daisy
73%
------ Awakens!Mythra
71%
--------- Turns Over a New Leaf!Isabelle
68%
--- Turns up the Heat!Ken
68%
----- Lashes Out!Simon
68%
-------- Steps from the Shadows!Enderman
66%
------- Crosses Over!Richter
66%
---- Swaps In!Alex
63%
------ Spawns In!Zombie
63%
--------- Decends to Battle!Sephiroth
61%
---- - ---- Comes Aboard!King K. Rool
56%
------ Hits the Big Time!Ridley
56%

Score Distribution

Percentile by Number Answered

Percent of People with Each Score

Your Score History

You have not taken this quiz since the last reset